000 00625nam a22001817a 4500
005 20251108175353.0
008 250721s2013 xx 000 0 ara d
082 1 4 _a320.956/درا
100 1 _aالحمد، جواد
245 1 0 _aمجلة دراسات شرق أوسطية : الموقف الامريكي من الثورات و الإصلاحات .. /
264 1 _aعمان :
_bمركز دراسات الشرق الاوسط،
_c2013.
300 _a153 ص.
650 1 7 _aالأحوال السياسية
650 1 7 _aالبلدان العربية
650 1 7 _aالثورات
942 _2ddc
_cBK
999 _c132550
_d132550